Monitorovanie respiračnej činnosti pomocou web kamery

Salvato in:
Dettagli Bibliografici
Autore principale: Chrenko, Lukáš, 1990- (Autore)
Altri autori: Púčik, Jozef, 1972- (Relatore della tesi)
Natura: Manoscritto Libro
Lingua:slovacco
Pubblicazione: Bratislava : STU v Bratislave FEI, 2012
Soggetti:
Accesso online:VAIS
Tags: Aggiungi Tag
Nessun Tag, puoi essere il primo ad aggiungerne!!

MARC

LEADER 00000ntm a22000003a 4500
001 stu250717
005 20150617230227.8
008 120717s2012----xo------------------slo-d
040 |a STU  |b slo 
041 0 |a slo 
044 |a xo 
100 1 |a Chrenko, Lukáš,  |d 1990-  |4 aut  |u E  |T FEI Fakulta elektrotechniky a informatiky  |X 64164  |U E  |Y 30  |7 A000064164 
242 0 0 |a Monitoring of respiratory by web cam   |y eng 
245 1 |a Monitorovanie respiračnej činnosti pomocou web kamery 
260 |a Bratislava :  |b STU v Bratislave FEI,  |c 2012 
300 |a 46 s  |c CD-ROOM 
650 7 |a Electronics  |2 estusub 
650 7 |a metódy monitorovania  |2 stusub 
700 1 |a Púčik, Jozef,  |d 1972-  |4 ths  |u E030  |U FEI Fakulta elektrotechniky a informatiky  |T FEI Ústav elektroniky a fotoniky  |X 1922  |U E030  |Y 549  |7 A000001922 
856 4 |a info a plný text  |u http://is.stuba.sk/zp/portal_zp.pl?podrobnosti=65055  |3 VAIS 
996 |b 284ER00824  |c E*Bc-824  |l EE33  |s P  |a 0  |w stu250717_0001